Online
Catalog

Ujida del ángel / (Record no. 5746)

MARC details
000 -CABECERA
campo de control de longitud fija 00903cam a2200253 a 4500
001 - NÚMERO DE CONTROL
campo de control 000005950
005 - FECHA Y HORA DE LA ÚLTIMA TRANSACCIÓN
campo de control 20200929151845.0
008 - DATOS DE LONGITUD FIJA--INFORMACIÓN GENERAL
campo de control de longitud fija 971103s1983 sp a 001 p spa
020 ## - NÚMERO INTERNACIONAL ESTÁNDAR DEL LIBRO
Número Internacional Estándar del Libro 8400054873
040 ## - FUENTE DE LA CATALOGACIÓN
Centro catalogador/agencia de origen DO-SdBNP
Centro/agencia transcriptor DLC
082 ## - NÚMERO DE LA CLASIFICACIÓN DECIMAL DEWEY
Número de clasificación 861.64
Número de documento/Ítem C165u
100 1# - ENTRADA PRINCIPAL--NOMBRE DE PERSONA
Nombre de persona Calo, José María,
Fechas asociadas al nombre 1946-
9 (RLIN) 16757
245 10 - MENCIÓN DE TÍTULO
Título Ujida del ángel /
Mención de responsabilidad, etc. José María Calo.
260 ## - PUBLICACIÓN, DISTRIBUCIÓN, ETC.
Lugar de publicación, distribución, etc. Zaragoza, España :
Nombre del editor, distribuidor, etc. Institución "Fernando el Católico",
Fecha de publicación, distribución, etc. 1983.
300 ## - DESCRIPCIÓN FÍSICA
Extensión 80 p. :
Otras características físicas il. ;
Dimensiones 25 cm.
490 1# - MENCIÓN DE SERIE
Mención de serie "San Jorge"
Designación de volumen o secuencia vol. 34
490 1# - MENCIÓN DE SERIE
Mención de serie Publicación. de la Institución "Fernando el Católico"
Designación de volumen o secuencia no. 947
586 ## - NOTA DE PREMIOS
Nota de premios Premio "San Jorge", 1983.
650 #4 - PUNTO DE ACCESO ADICIONAL DE MATERIA--TÉRMINO DE MATERIA
Término de materia o nombre geográfico como elemento de entrada Poesía española
9 (RLIN) 631
650 #4 - PUNTO DE ACCESO ADICIONAL DE MATERIA--TÉRMINO DE MATERIA
Término de materia o nombre geográfico como elemento de entrada Literatura española
Subdivisión cronológica SIGLO XX
9 (RLIN) 3326
830 #0 - PUNTO DE ACCESO ADICIONAL DE SERIE-TÍTULO UNIFORME
Título uniforme "San Jorge" ;
Designación de volumen o secuencia vol. 34
9 (RLIN) 14363
830 #0 - PUNTO DE ACCESO ADICIONAL DE SERIE-TÍTULO UNIFORME
Título uniforme Publicación. de la Institución "Fernando el Católico"
Designación de volumen o secuencia no. 947
9 (RLIN) 16758
910 ## - DATOS DE OPCIÓN DEL USUARIO (OCLC)
Datos de opción del usuario Catalogación por copia / LC
Holdings
Estado de retiro Estado de pérdida Restricciones de uso No para préstamo Código de colección Localización permanente Ubicación/localización actual Ubicación en estantería Fecha de adquisición Número de inventario Total de préstamos Signatura topográfica completa Código de barras Fecha visto por última vez Precio válido a partir de Tipo de ítem Koha
    Préstamo interno   Monografías: Libros y Folletos General General En catalogación 24.08.2009 LF1   861.64 C165u 5950-10 25.06.2020 25.06.2020 Préstamo interno

Powered by Koha